| 000 | 05366nam a2201933 i 4500 | ||
|---|---|---|---|
| 001 | nkc20243611968 | ||
| 003 | CZ PrSKC | ||
| 005 | 20260428175336.0 | ||
| 007 | ta | ||
| 008 | 240618s2024 xr c e 000 0acze | ||
| 015 | _acnb003611968 | ||
| 020 |
_a9788028400569 _q(vázáno) |
||
| 035 | _a(OCoLC)1477946300 | ||
| 040 |
_aOLA001 _bcze _dABA001 _erda |
||
| 043 | _ae-xr--- | ||
| 045 | _ax-y- | ||
| 072 | 7 |
_a791 _xFilm. Cirkus. Lidová zábava _2Konspekt |
|
| 072 | 7 |
_a929 _xBiografie _2Konspekt |
|
| 080 |
_a791.633-055.2 _2MRF |
||
| 080 |
_a791.229.2-055.2 _2MRF |
||
| 080 |
_a929 _2MRF |
||
| 080 |
_a(437.3) _2MRF |
||
| 080 |
_a(047.53) _2MRF |
||
| 100 | 1 |
_aTřeštíková, Helena, _d1949- _4aut |
|
| 245 | 1 | 0 |
_aHovory s mámou : _bintimní rozhovor dcery s matkou dokumentaristkou / _cHelena a Hana Třeštíkovy |
| 250 | _aPrvní vydání | ||
| 264 | 1 |
_aPraha : _bEuromedia Group, _c2024 |
|
| 300 |
_a245 stran : _bportréty ; _c21 cm |
||
| 336 |
_atext _btxt _2rdacontent |
||
| 337 |
_abez média _bn _2rdamedia |
||
| 338 |
_asvazek _bnc _2rdacarrier |
||
| 490 | 1 | _aUniversum | |
| 500 | _aObsahuje filmografie | ||
| 504 | _aObsahuje bibliografie | ||
| 520 | 2 |
_aHelena Třeštíková vypráví v otevřeném a intimním rozhovoru s dcerou Hanou o svém dětství a dospívání, profesním životě i o hrdinech svých dokumentárních filmů. _bV sedmi kapitolách odpovídajících vždy přibližně jednomu desetiletí jejího života se tak mimo jiné dozvídáme o tom, jak prožívala pražské jaro a proč nikdy neemigrovala, jak se seznámila se svým mužem Michaelem Třeštíkem i o jejích prvních pokusech o časosběrný film. Celý rozhovor původně vznikl jako videopodcast z Heleniny pracovny. Hana měla možnost zeptat se na vše, co ji jako dceru vždy zajímalo, a nebála se klást otázky, které se novináři pokládat ostýchají. Kniha tak přináší zcela ojedinělou výpověď uznávané české dokumentaristky včetně mnoha doposud nezveřejněných informací jak ze soukromého, tak profesního života. Nakladatelská anotace. Kráceno. |
|
| 600 | 1 | 7 |
_aTřeštíková, Helena, _d1949- _2czenas |
| 648 | 7 |
_a20.-21. století _2czenas |
|
| 650 | 0 | 7 |
_afilmové režisérky _zČesko _y20.-21. století _2czenas |
| 650 | 0 | 7 |
_adokumentaristky _zČesko _y20.-21. století _2czenas |
| 650 | 0 | 9 |
_awomen film directors _zCzechia _y20th-21st centuries _2eczenas |
| 650 | 0 | 9 |
_awomen documentarists _zCzechia _y20th-21st centuries _2eczenas |
| 655 | 7 |
_arozhovory _2czenas |
|
| 655 | 9 |
_ainterviews _2eczenas |
|
| 700 | 1 |
_aTřeštíková, Hana, _d1982- _4aut |
|
| 830 | 0 | _aUniversum (Euromedia Group) | |
| 900 | _b19 | ||
| 910 | _aABA001 | ||
| 910 | _aABA010 | ||
| 910 | _aABB060 | ||
| 910 | _aABD020 | ||
| 910 | _aABG001 | ||
| 910 | _aABG006 | ||
| 910 | _aABG014 | ||
| 910 | _aABG016 | ||
| 910 | _aABG019 | ||
| 910 | _aABG502 | ||
| 910 | _aABG503 | ||
| 910 | _aBKG001 | ||
| 910 | _aBKG501 | ||
| 910 | _aBKG502 | ||
| 910 | _aBKG505 | ||
| 910 | _aBNG001 | ||
| 910 | _aBOA001 | ||
| 910 | _aBOD001 | ||
| 910 | _aBOG001 | ||
| 910 | _aCBA001 | ||
| 910 | _aCHG001 | ||
| 910 | _aCHG501 | ||
| 910 | _aCKG001 | ||
| 910 | _aCLG001 | ||
| 910 | _aCRG001 | ||
| 910 | _aCVG001 | ||
| 910 | _aCVG501 | ||
| 910 | _aCVG504 | ||
| 910 | _aDCG302 | ||
| 910 | _aDCG501 | ||
| 910 | _aDCG503 | ||
| 910 | _aDOG001 | ||
| 910 | _aFMG002 | ||
| 910 | _aFMG501 | ||
| 910 | _aFMG504 | ||
| 910 | _aHBG001 | ||
| 910 | _aHBG501 | ||
| 910 | _aHKA001 | ||
| 910 | _aHKG001 | ||
| 910 | _aHOG001 | ||
| 910 | _aJCG001 | ||
| 910 | _aJEG502 | ||
| 910 | _aJHG001 | ||
| 910 | _aJHG503 | ||
| 910 | _aJIG001 | ||
| 910 | _aJNG001 | ||
| 910 | _aKAG001 | ||
| 910 | _aKAG503 | ||
| 910 | _aKHG001 | ||
| 910 | _aKLG001 | ||
| 910 | _aKLG002 | ||
| 910 | _aKLG501 | ||
| 910 | _aKMG001 | ||
| 910 | _aKMG502 | ||
| 910 | _aKVG001 | ||
| 910 | _aKVG003 | ||
| 910 | _aKVG501 | ||
| 910 | _aLIA001 | ||
| 910 | _aLTG001 | ||
| 910 | _aMBG001 | ||
| 910 | _aMEG502 | ||
| 910 | _aMOG501 | ||
| 910 | _aNAG001 | ||
| 910 | _aNBG001 | ||
| 910 | _aNBG505 | ||
| 910 | _aNJG001 | ||
| 910 | _aNJG502 | ||
| 910 | _aNJG505 | ||
| 910 | _aOLA001 | ||
| 910 | _aOLD012 | ||
| 910 | _aOLG001 | ||
| 910 | _aOLG501 | ||
| 910 | _aOPG001 | ||
| 910 | _aOPG503 | ||
| 910 | _aOSA001 | ||
| 910 | _aOSG002 | ||
| 910 | _aPAG001 | ||
| 910 | _aPBG001 | ||
| 910 | _aPEG001 | ||
| 910 | _aPEG501 | ||
| 910 | _aPIG001 | ||
| 910 | _aPIG501 | ||
| 910 | _aPNA001 | ||
| 910 | _aPNG001 | ||
| 910 | _aPNG502 | ||
| 910 | _aPNG503 | ||
| 910 | _aPRG001 | ||
| 910 | _aPTG001 | ||
| 910 | _aPVG001 | ||
| 910 | _aRKG001 | ||
| 910 | _aSMG004 | ||
| 910 | _aSMG506 | ||
| 910 | _aSOG504 | ||
| 910 | _aSTG001 | ||
| 910 | _aSUG001 | ||
| 910 | _aSUG802 | ||
| 910 | _aSVG001 | ||
| 910 | _aTAG001 | ||
| 910 | _aTCG001 | ||
| 910 | _aTCG501 | ||
| 910 | _aTPG001 | ||
| 910 | _aTPG502 | ||
| 910 | _aTPG503 | ||
| 910 | _aTRG001 | ||
| 910 | _aTUG001 | ||
| 910 | _aTUG504 | ||
| 910 | _aUHG001 | ||
| 910 | _aULG001 | ||
| 910 | _aUOG505 | ||
| 910 | _aVYG001 | ||
| 910 | _aZLG001 | ||
| 910 | _aZLG509 | ||
| 910 | _aZNG001 | ||
| 910 | _aZRG001 | ||
| 910 | _aZRG501 | ||
| 910 | _aZRG503 | ||
| 942 |
_2ddc _cKNIHA _n0 |
||
| 999 |
_c1889 _d1889 |
||